00418nam a2200157Ia 45000010006000000050017000060080041000230410008000640820022000721000039000942450066001332600009001993000036002086500008002446540008002522094920260306172843.0260306t2019||||xx |||||||||||||| ||spa|| aESP a343.8C8bY13 V. 1 aYacolca Estares, Daniel IrwineAUT 0aCódigo tributario comentado:b"50 años después y más" c2019 axxviii, 954 páginas :c25 cm. aGEN aCCO